=LDR 00000nam 2200000 4500 =001 INLIS000000000020127 =005 20170119151844.0 =006 =007 =008 Ind =035 ##$$0010-061300000020127 =041 ##$$a Ind =082 ##$$a 346.048 4 =090 ##$$a 346.048 4 Kri p =100 ##$$a Krisnawati, Andriana =245 ##$$a Perlindungan hukum varietas baru tanaman, dalam perspektif hak paten dan hak pemulia, oleh Andriana Krisnawati =260 ##$$a jakarta $b PrajaGrafindo Persada $c 2004 =300 ##$$a vii, 270 hlm, 21 cm =650 ##$$a Hak kekayaan intelektual =850 ##$$a NBPNMAT =990 ##$$a 0001/BPAP-NTB/2016 =990 ##$$a 21601539/BPAP-NTB/2017